00288nam a2200109Ia 4500008004100000041000800041082001400049100001200063245005100075260003300126300001900159241015s9999 xx 000 0 und d aeng a658.3 MOT aMotwani aHr Analytics : Practical Approach Using Python bWiley IndiaaNew Delhic2021 a627;. P. 23 cm